Návrh systémových zmien na zefektívnenie projektového manažmentu v spoločnosti IMOS-Systemair, a.s.

Gespeichert in:
Bibliographische Detailangaben
1. Verfasser: Plavuchová, Dominika (Verfasst von)
Weitere Verfasser: Samáková, Jana (Betreuung Doktorarbeit)
Format: Manuskript Buch
Sprache:Slowakisch
Veröffentlicht: 2016
Schlagworte:
Online-Zugang:http://is.stuba.sk/zp/portal_zp.pl?podrobnosti=118925
Tags: Tag hinzufügen
Keine Tags, Fügen Sie das erste Tag hinzu!

MARC

LEADER 00000ntm a22000003a 4500
001 stuzp55667
003 SK-STU
005 20160719154813.1
007 ta
008 150427s2015----xo-----f-mn---000-0-slo-d
040 |a STU  |b slo 
041 0 |a slo 
100 1 |a Plavuchová, Dominika  |u 064000  |k Z4  |4 aut  |U MTF Materiálovotechnologická fakulta  |T MTF Ústav priemyselného inžinierstva a manažmentu  |X 45552  |U M4000  |Y 84  |7 A000045552 
242 0 1 |a Propose systemic changes to improve the project management in company IMOS–Systemair, a.s.  |y eng 
245 1 0 |a Návrh systémových zmien na zefektívnenie projektového manažmentu v spoločnosti IMOS-Systemair, a.s. 
260 |c 2016 
650 4 |a projekt  |2 slo 
650 4 |a projektový manažment  |2 slo 
650 4 |a projektové riadenie  |2 slo 
650 4 |a životný cyklus projektu  |2 slo 
650 4 |a project management  |2 eng 
650 4 |a project controling  |2 eng 
650 4 |a project  |2 eng 
650 4 |a the project life cycle  |2 eng 
700 1 |a Samáková, Jana  |u 064000  |k Z1  |4 ths  |U MTF Materiálovotechnologická fakulta  |T MTF Ústav priemyselného inžinierstva a manažmentu  |X 33101  |U M4000  |Y 84  |7 A000033101 
856 4 |u http://is.stuba.sk/zp/portal_zp.pl?podrobnosti=118925 
996 |c M* DP-12717  |l MMSKP  |s P  |a 0  |w stuzp55667_0001 
SQL |a stuzp55667  |b DDP  |c SLO  |d Návrh systémových zmien na zefektívnenie projektového manažmentu v spoločnosti IMOS-Systemair, a.s.  |e 45552  |f Plavuchová, Dominika  |g 064000  |h 33101  |i Samáková, Jana  |j 20160601  |k 189  |l 06  |m http://is.stuba.sk/zp/portal_zp.pl?podrobnosti=118925  |n I-PMA  |o 5.2.52. priemyselné inžinierstvo